<?xml version="1.0" encoding="UTF-8"?>
<record
    xmlns:xsi="http://www.w3.org/2001/XMLSchema-instance"
    xsi:schemaLocation="http://www.loc.gov/MARC21/slim http://www.loc.gov/standards/marcxml/schema/MARC21slim.xsd"
    xmlns="http://www.loc.gov/MARC21/slim">

  <leader>01571nam a22002297a 4500</leader>
  <controlfield tag="005">20250709102932.0</controlfield>
  <controlfield tag="008">250709b        |||||||| |||| 00| 0 eng d</controlfield>
  <datafield tag="020" ind1=" " ind2=" ">
    <subfield code="a">9780198814320</subfield>
  </datafield>
  <datafield tag="040" ind1=" " ind2=" ">
    <subfield code="c">AL</subfield>
  </datafield>
  <datafield tag="041" ind1=" " ind2=" ">
    <subfield code="a">English</subfield>
  </datafield>
  <datafield tag="082" ind1=" " ind2=" ">
    <subfield code="a">530.01</subfield>
    <subfield code="b">WALP</subfield>
  </datafield>
  <datafield tag="100" ind1=" " ind2=" ">
    <subfield code="a">David Wallace</subfield>
    <subfield code="9">217842</subfield>
  </datafield>
  <datafield tag="245" ind1=" " ind2=" ">
    <subfield code="a">Philosophy of physics</subfield>
    <subfield code="b">: A very short introduction</subfield>
  </datafield>
  <datafield tag="260" ind1=" " ind2=" ">
    <subfield code="a">New York</subfield>
    <subfield code="b">Oxford university press</subfield>
    <subfield code="c">2021</subfield>
  </datafield>
  <datafield tag="300" ind1=" " ind2=" ">
    <subfield code="a">142 p.</subfield>
    <subfield code="b">PB</subfield>
    <subfield code="c">17x11 cm.</subfield>
  </datafield>
  <datafield tag="365" ind1=" " ind2=" ">
    <subfield code="a">BLR8-2464176</subfield>
    <subfield code="b">&#x20B9;321.05</subfield>
    <subfield code="c">&#x20B9;</subfield>
    <subfield code="d">&#x20B9;321.05</subfield>
    <subfield code="f">01-07-2025</subfield>
  </datafield>
  <datafield tag="520" ind1=" " ind2=" ">
    <subfield code="a">Philosophy of Physics: A Very Short Introduction explores the core topics of philosophy of physics through three key themes: the nature of space and time; the origin of irreversibility and probability in the physics of large systems; how we can make sense of quantum mechanics. Central issues discussed include: the scientific method as it applies in modern physics; the distinction between absolute and relative motion; the way that distinction changes between Newton's physics and special relativity; what spacetime is and how it relates to the laws of physics; how fundamental physics can make no distinction between past and future and yet a clear distinction exists in the world we see around us; why it is so difficult to understand quantum mechanics, and why doing so might push us to change our fundamental physics, to rethink the nature of science, or even to accept the existence of parallel universes.
</subfield>
  </datafield>
  <datafield tag="650" ind1=" " ind2=" ">
    <subfield code="a">Quantum theory</subfield>
    <subfield code="9">217843</subfield>
  </datafield>
  <datafield tag="650" ind1=" " ind2=" ">
    <subfield code="a">Absolute space</subfield>
    <subfield code="9">217844</subfield>
  </datafield>
  <datafield tag="650" ind1=" " ind2=" ">
    <subfield code="a">Waves</subfield>
    <subfield code="9">217845</subfield>
  </datafield>
  <datafield tag="942" ind1=" " ind2=" ">
    <subfield code="2">ddc</subfield>
    <subfield code="c">BK</subfield>
  </datafield>
  <datafield tag="999" ind1=" " ind2=" ">
    <subfield code="c">234595</subfield>
    <subfield code="d">234595</subfield>
  </datafield>
  <datafield tag="952" ind1=" " ind2=" ">
    <subfield code="0">0</subfield>
    <subfield code="1">0</subfield>
    <subfield code="2">ddc</subfield>
    <subfield code="4">0</subfield>
    <subfield code="7">0</subfield>
    <subfield code="8">PSY</subfield>
    <subfield code="a">AL</subfield>
    <subfield code="b">AL</subfield>
    <subfield code="c">SK</subfield>
    <subfield code="d">2025-07-08</subfield>
    <subfield code="e">amazon.in</subfield>
    <subfield code="g">321.05</subfield>
    <subfield code="l">0</subfield>
    <subfield code="o">530.01 WALP</subfield>
    <subfield code="p">077726</subfield>
    <subfield code="r">2025-07-09 10:31:51</subfield>
    <subfield code="v">321.05</subfield>
    <subfield code="w">2025-07-01</subfield>
    <subfield code="y">BK</subfield>
  </datafield>
</record>
